000 00659nam a2200253Ia 4500
003 OSt
005 20221007063632.0
006 a|||||r|||| 00| 0
007 ta
008 221006b |||||||| |||| 00| 0 eng d
024 _a7,552
037 _cTextual
040 _aFLL
_cFLL
_beng
041 _2eng
_aeng
082 _aX724:Z2, L6.4
100 _aChaturvedi Au.
245 0 _aIncome tax law
250 _a2nd
260 _aCalcutta
_bEastern law house India
_c1978
300 _a3352p
_ccm.
700 _a Pithisaria's Au.
942 _hX724:Z2, L6.4
_cTEXL
_2CC
999 _c1131722
_d1131722